Alle Hauptstädte der Welt (alphabetisch) - Statistiken

Allgemein
  • Dieses Quiz wurde 113 mal gespielt
  • Das Durchschnittsergebnis liegt bei 32 aus 193
Antwortstatistiken
Hauptstadt % Korrekt
Abu Dhabi
90%
Abuja
70%
Accra
70%
Addis Abeba
60%
Algier
60%
Amman
60%
Andorra la Vella
60%
Ankara
60%
Berlin
60%
Amsterdam
50%
Apia
50%
Asmara
50%
Bangkok
50%
Antananarivo
40%
Aşgabat
40%
Astana
40%
Athen
40%
Baku
40%
Bamako
40%
Bern
40%
Budapest
40%
Bukarest
40%
Asunción
30%
Bagdad
30%
Bandar Seri Begawan
30%
Bangui
30%
Banjul
30%
Belmopan
30%
Bischkek
30%
Brasília
30%
Bratislava
30%
Brazzaville
30%
Brüssel
30%
Buenos Aires
30%
Canberra
30%
Dodoma
30%
Guatemala-Stadt
30%
Hanoi
30%
Harare
30%
Islamabad
30%
Kabul
30%
Kairo
30%
Kathmandu
30%
Kigali
30%
Wien
30%
Basseterre
20%
Beirut
20%
Belgrad
20%
Bogotá
20%
Castries
20%
Chișinău
20%
Conakry
20%
Dakar
20%
Dhaka
20%
Kapstadt
20%
Doha
20%
Dschibuti
20%
Dublin
20%
Freetown
20%
Funafuti
20%
Gaborone
20%
Havanna
20%
Helsinki
20%
Honiara
20%
Jerewan
20%
Juba
20%
Kampala
20%
Khartum
20%
Kingston
20%
Kingstown
20%
Seoul
20%
Singapur
20%
Ulaanbaatar
20%
Vaduz
20%
Valletta
20%
Vilnius
20%
Warschau
20%
Windhoek
20%
Yaren
20%
Zagreb
20%
Bissau
10%
Bridgetown
10%
Caracas
10%
Damaskus
10%
Dili
10%
Duschanbe
10%
Georgetown
10%
Gitega
10%
Kiew
10%
Kinshasa
10%
Kopenhagen
10%
Kuala Lumpur
10%
Kuwait
10%
Libreville
10%
Lilongwe
10%
Ljubljana
10%
Lomé
10%
London
10%
Luxemburg
10%
Madrid
10%
Majuro
10%
Maputo
10%
Maseru
10%
Minsk
10%
Mogadischu
10%
Moroni
10%
Moskau
10%
Naypyidaw
10%
New Delhi
10%
Ngerulmud
10%
Niamey
10%
Nikosia
10%
Nukuʻalofa
10%
Oslo
10%
Ouagadougou
10%
Paris
10%
Phnom Penh
10%
Pjöngjang
10%
Port-au-Prince
10%
Port Moresby
10%
Porto-Novo
10%
Port Vila
10%
Prag
10%
Rabat
10%
Reykjavík
10%
Riad
10%
Riga
10%
Rom
10%
San Marino
10%
San Salvador
10%
São Tomé
10%
Stockholm
10%
Tallinn
10%
Taschkent
10%
Thimphu
10%
Tiflis
10%
Tokio
10%
Tunis
10%
Washington D.C.
10%
Wellington
10%
Yamoussoukro
10%
Yaoundé
10%
Lima
0%
Lissabon
0%
Luando
0%
Lusaka
0%
Malabo
0%
Malé
0%
Managua
0%
Manama
0%
Manila
0%
Maskat
0%
Mbabane
0%
Mexico-Stadt
0%
Monaco
0%
Monrovia
0%
Montevideo
0%
Nairobi
0%
Nassau
0%
N’Djamena
0%
Nouakchott
0%
Nusantara
0%
Ottawa
0%
Palikir
0%
Panama-Stadt
0%
Paramaribo
0%
Peking
0%
Podgorica
0%
Port Louis
0%
Port of Spain
0%
Praia
0%
Quito
0%
Roseau
0%
Saint Johns
0%
Sanaa
0%
San José
0%
Santiago de Chile
0%
Santo Domingo
0%
Sarajevo
0%
Skopje
0%
Sofia
0%
South Tarawa
0%
Sri Jayewardenepura Kotte
0%
St. George’s
0%
Sucre
0%
Suva
0%
Tegucigalpa
0%
Teheran
0%
Tel Aviv-Jaffa
0%
Tirana
0%
Tripolis
0%
Victoria
0%
Vientiane
0%
Keine übereinstimmenden Quizze gefunden
Verteilung der Resultate
Anzahl Personen mit jedem Resultat
Perzentil nach korrekt beantworteten Fragen
Ihre Resultats-Entwicklung
Sie haben dieses Quiz noch nicht gespielt